000 01064nam a22002537a 4500
003 URS
005 20251008101330.0
008 240620b |||||||| |||| 00| 0 eng d
040 _bEnglish
_cURS
_erda
050 _aRT48.2
_b.W388l 2018
100 _aWeber, Janet R.,
_eauthor.
_95833
245 0 _aLab manual for health assessment in nursing /
_cJanet R. Weber, Jane H. Kelley, Ann D. Sprengel.
264 _aPhiladelphia :
_bWolters Kluwer,
_c©2014.
300 _av, 286 pages :
_billustrations ;
_c26 cm.
336 _atext
_btxt
_2rdacontent
337 _aunmediated
_bn
_2rdamedia
338 _avolume
_bnc
_2rdacarrier
504 _aIncludes bibliographical references and index.
505 _aUnit 1: Nursing data collection, documentation, and analysis -- Unit 2: Integrative holistic nursing assessment -- Unit 3: Nursing assessment of physical systems -- Unit 4: Nursing assessment of special groups.
650 0 _aNursing assessment.
_91067
700 _aKelley, Jane.,
_eauthor.
_91066
700 _aSprengel, Ann D.,
_eauthor.
_95834
942 _cFR
_2lcc
999 _c80649
_d80648